| 000 | 00382nam a22001457a 4500 | ||
|---|---|---|---|
| 003 | OSt | ||
| 005 | 20250726130025.0 | ||
| 008 | 250726b |||||||| |||| 00| 0 eng d | ||
| 040 | _cIIMT COLLEGE OF ENGINEERING, GREATER NOIDA | ||
| 100 | _aJAIN, NEERA | ||
| 245 | _aEFFECTIVE BUSINESS COMMUNICATION | ||
| 260 |
_aNEW DELHI _bMC GRAW HILL _c2024 |
||
| 300 | _a442 | ||
| 942 |
_2ddc _c02 _e2 |
||
| 999 |
_c65865 _d65865 |
||